Embarazo y nacimiento : educación visual :

Guardado en:
Autor Principal: Calera, Ana María
Otros Autores: Sanchez Ocaña, Ramon
Formato: Libro
Publicado: Barcelona : Jover, 1992
Materias:
Etiquetas: Agregar Etiqueta
Sin Etiquetas, Sea el primero en etiquetar este registro!
LEADER 00752nam a22002175a 4500
001 CEM.cems009085
005 20090907111227.0
008 130507s1992##################000#0#####d
003 CEMS
020 |a 8470933558 
082 0 4 |a 612.6 
100 1 |a Calera, Ana María 
245 1 0 |a Embarazo y nacimiento :  |b educación visual :  |c Ana María Calera, Ramón Sánchez Ocaña 
260 |a Barcelona :  |b Jover,  |c 1992 
300 |a 96 p. 
505 0 |a Menstruación -- Métodos anticonceptivos -- El escenario de la fecundación -- Riesgos para el feto -- El aborto 
653 |a Aborto 
653 |a Anticonceptivos-métodos 
653 |a Mujeres-sexualidad 
700 1 |a Sanchez Ocaña, Ramon 
859 |a CEMS  |b BIB. CEMS - 11 de abril  |h 612.6  |i C128  |p 18698.95  |t Ej.1  |v 1  |3 1